[Event "CAN-ch U12"]
[Site "Windsor"]
[Date "2010.07.08"]
[Round "5"]
[White "Doknjas, John"]
[Black "Jean, Justin"]
[Result "1-0"]
[WhiteElo "1896"]
[BlackElo "1577"]
[PlyCount "101"]
[EventDate "2010.07.06"]
[EventType "swiss"]
[EventRounds "7"]
[EventCountry "CAN"]
[SourceTitle "EXT 2012"]
[Source "ChessBase"]
[SourceDate "2011.11.24"]
[SourceVersion "1"]
[SourceVersionDate "2011.11.24"]
[SourceQuality "1"]

1. d4 d5 2. e3 Nf6 3. Nf3 Nc6 4. c3 Bf5 5. Bd3 Bxd3 6. Qxd3 g6 7. Nbd2 Bg7 8. 0-0 0-0 9. Re1 Re8 10. e4 dxe4 11. Nxe4 Nxe4 12. Rxe4 e6 13. Rh4 Bf6 14. Rh3 e5 15. Qd2 exd4 16. Qh6 dxc3 17. Qxh7+ Kf8 18. Bh6+ Ke7 19. Re1+ Kd6 20. Rd1+ Kc5 21. b4+ Nxb4 22. Rxd8 Raxd8 23. g3 Rd7 24. a3 Rh8 25. axb4+ Kxb4 26. Qxh8 Bxh8 27. Bf8+ Kb3 28. Rxh8 Rd8 29. Bg7 Rxh8 30. Bxh8 c2 31. Nd4+ Kc3 32. Ne2+ Kd2 33. Kf1 b5 34. h4 a5 35. g4 b4 36. h5 gxh5 37. gxh5 a4 38. Bb2 a3 39. Bc1+ Kd3 40. h6 b3 41. Bxa3 c5 42. h7 c4 43. h8Q c3 44. Qxc3+ Ke4 45. Qxb3 c1Q+ 46. Bxc1 f5 47. Qe6+ Kd3 48. Qd5+ Kc2 49. Qc4+ Kb1 50. Qb3+ Ka1 51. Qb2# 1-0

[Event "CAN-ch U12"]
[Site "Windsor"]
[Date "2010.07.06"]
[Round "2"]
[White "Jean, Justin"]
[Black "Bhangoo, Kabir"]
[Result "0-1"]
[WhiteElo "1577"]
[BlackElo "1022"]
[PlyCount "58"]
[EventDate "2010.07.06"]
[EventType "swiss"]
[EventRounds "7"]
[EventCountry "CAN"]
[SourceTitle "EXT 2012"]
[Source "ChessBase"]
[SourceDate "2011.11.24"]
[SourceVersion "1"]
[SourceVersionDate "2011.11.24"]
[SourceQuality "1"]

1. e4 e5 2. Nf3 Nc6 3. Bc4 Nf6 4. Nc3 Bc5 5. 0-0 d6 6. d3 0-0 7. Bg5 h6 8. Bh4 Bg4 9. Nd5 g5 10. Bg3 Nxd5 11. Bxd5 Nd4 12. Rb1 Qf6 13. Bxb7 Rab8 14. Bd5 Nxf3+ 15. gxf3 Bxf3 16. Qd2 Qg6 17. b4 Bd4 18. c3 Bb6 19. a4 a5 20. bxa5 Bxa5 21. Rb5 Rxb5 22. axb5 Qh5 23. Qe3 Bb6 24. Re1 Bxe3 25. Rxe3 Rb8 26. Bc6 Bg4 27. d4 Bh3 28. dxe5 Qd1+ 29. Re1 Qxe1# 0-1

[Event "CAN-ch U10"]
[Site "Quebec"]
[Date "2008.07.14"]
[Round "1"]
[White "Wang, Richard"]
[Black "Jean, Justin"]
[Result "1-0"]
[WhiteElo "1886"]
[BlackElo "1305"]
[PlyCount "71"]
[EventDate "2008.07.14"]
[EventType "swiss"]
[EventRounds "7"]
[EventCountry "CAN"]
[SourceTitle "EXT 2011"]
[Source "ChessBase"]
[SourceDate "2010.11.26"]
[SourceVersion "1"]
[SourceVersionDate "2010.11.26"]
[SourceQuality "1"]

1. d4 d5 2. Nf3 Nc6 3. e3 Nf6 4. c3 Ne4 5. Nbd2 Bg4 6. Bd3 Bf5 7. Qc2 e6 8. Nxe4 dxe4 9. Bxe4 Qd7 10. Bxf5 exf5 11. 0-0 0-0-0 12. b4 Bd6 13. b5 Ne7 14. c4 c6 15. a4 g6 16. Qc3 h6 17. Qa5 b6 18. Qc3 g5 19. a5 Kb7 20. c5 Bc7 21. axb6 axb6 22. cxb6 Bxb6 23. Ne5 Qd5 24. Qa3 Qe6 25. bxc6+ Nxc6 26. Nxc6 Qxc6 27. Bd2 Qc7 28. Qa6+ Kc6 29. Rfc1+ Kd7 30. Rxc7+ Bxc7 31. Rc1 h5 32. Qc6+ Ke7 33. Qxc7+ Ke8 34. Bb4 Rd7 35. Qe5+ Kd8 36. Qxh8# 1-0